00315nam a2200133Ia 45000030006000000080041000060400015000471000016000622450026000782500010001042600038001145460012001520050017001640STCL150530s9999 xx 000 0 und d aSTCLcSTCL aPylee, M.V. aIndian Bharanaghatana aFirst bState Institute of Languagec1975 aEnglish20220125165718.0